1649 1770 1851 1691 1923 1968 1172 1441 1183 1548 1784 1458 1852 1838 1710 1354 1510 1018 1170 1483 1506 1777 1190 1951 1226 1647 1287 1191 1321 1854 1424 1390 1332 1296 1117 1596 1229 1302 1591 1793 1751 1828 1545 1177 1049 1898 1239 1408 1696 1073 1482 1436 1041 1131 1991 1450 1364 1779 1297 1776 1988 1820 1962 1797 1932 1470 1539 1125 1644 1213 1181 1375 1942 1454 1110 1585 1905 1323 1632 1523 1991 1976 1899 1110 1358 1176 1987 1084 1706 1166 1769 1914 1154 1539 1357 1348 1055 1877 1425 BCNSPRNW ULIB Ver.6.0+V

เปลี่ยนเป็นภาษาไทย

Change to English
 แสดงรายละเอียดบรรณานุกรม
  กลับหน้าหลัก

Brief Record : Get Marc (ISO 2709) : E-mail record : QR code < ปิดหน้าต่าง
LEADER : 00000nam 2200000uu 4500
001    13399122398
003     ULIB
008    130318s2555||||th 000 0 tha d
020    9786169064824
060  4 ^aWQ450^bก446
245 00 ^aการช่วยกู้ชีพทารกแรกเกิด =^b[Neonatal resuscitation textbook ]/^cผู้แปลและเรียบเรียง อัญชลี ลิ้มรังสิกุล, พฤหัส พงษ์มี
246 30 ^aNeonatal resuscitation textbook
250    ^aพิมพ์ครั้งที่ 6 ฉบับถ่ายสำเนา
260    ^a[กรุงเทพฯ :^bชมรมเวชชมรมเวชศาสตร์ทารกแรกเกิดแห่งประเทศไทย,]^c2555
300    ^a320 หน้า :^bภาพประกอบ
505 0  ^a^tบทนำและหลักการของการช่วยกู้ชีพ - -^tขั้นตอนเบื้องต้นในการช่วยกู้ชีพทารกแรกเกิด - -^tการใช้อุปกรณ์ช่วยหายใจด้วยแรงดันบวกในการช่วยกู้ชีพทารกแรกเกิด - -^tการกดหน้าอก - -^tการใส่ท่อช่วยหายใจ และหน้ากากครอบกล่องเสียง - -^tการให้ยาและสารน้ำ - -^tข้อพิจารณาเป็นพิเศษ - -^tการช่วยกู้ชีพทารกเกิดก่อนกำหนด - -^tจริยธรรมและการดูแลทารกในระยะสุดท้าย - -^tแบบตรวจทักษะและขั้นตอนการปฏิบัติการช่วยกู้ชีพ
650  7 ^aการช่วยให้ฟื้น^xในวัยทารกและเด็ก
650  7 ^aการหายใจไม่ออกในทารกแรกเกิด^xการรักษา
700 0  ^aอัญชลี ลิ้มรังสิกุล,^eผู้แปล
700 0  ^aพฤหัส พงษ์มี,^eผู้แปล
710 1  ^aชมรมเวชศาสตร์ทารกแรกเกิดแห่งประเทศไทย
945    ^p0^l0^i033625
945    ^p0^l0^i033626
999    ^aเกษร โพธิ์สุวรรณ
รายการนี้ยังไม่มีแท็ก
คุณยังไม่ได้ล็อกอิน คุณสามารถมีกิจกรรมร่วมกับเว็บไซต์ได้ แต่ต้องล็อกอินก่อน ::
  ล็อกอิน

รายการสื่อสารสนเทศ

ลำดับที่ ประเภท เลขเรียก/บาร์โค้ด สถานที่ สถานะ
1. วิทยาศาสตร์การแพทย์ และสุขภาพ
หนังสือสำรอง
สถานะ=หนังสือสำรอง
WQ450 ก446  
  Barcode: 033625
ห้องสมุดวิทยาเขตสวรรค์ประชารักษ์
►ส่วนจัดเก็บหนังสือเก่า สปร
บนชั้น
  ขอยืม

BibComment


ยังไม่เคยถูกคอมเมนท์

คอมเมนท์ทรัพยากรรายการนี้
  คอมเมนท์: การช่วยกู้ชีพทาร..


 Copyright 2026. Bcnsprnw @Library